Представление документа в формате MARC21

ПолеНазваниеЗначение
  Тип записи a
  Библиографический уровень m
001 Контрольный номер RU/URAIT/586069
005 Дата корректировки 20260429163558.6
008 Кодируемые данные 260429s2026 RU y f j 000 0 rus u
020 Индекс ISBN __
a ISBN 978-5-534-06594-7
c Цена, тираж 1459.00
040 Источник каталогиз. __
a Служба первич. каталог. ИКО Юрайт
c Служба, преобразующая запись ИКО Юрайт
e Правила каталог. RCR
041 Код языка издания __
a Код языка текста rus
044 Код страны публикации __
a Код страны публикации RU
080 Индекс УДК __
a Индекс УДК 677.077(075.8)
084 Индекс другой классификации/Индекс ББК __
2 Источник индекса rubbk
a Индекс другой классификации/Индекс ББК 37.257я73
100 Автор __
a Автор Терская Л. А.
q Полное имя Терская Людмила Александровна
245 Заглавие __
a Заглавие Технология раскроя и пошива меховой одежды
b Продолж. заглавия учебник для вузов
c Ответственность Л. А. Терская.
250 Сведения об издании __
g испр. и доп
a Основные сведения об издании 2-е изд.
256 Характеристики компьютерного файла __
a Характеристики компьютерного файла Электрон. дан.
260 Выходные данные __
a Место издания Москва
b Издательство Юрайт
c Дата издания 2026
300 Физическое описание __
a Объем 265 с
440 Серия __
a Серия Высшее образование
500 Примечания __
a Примечание URL: https://urait.ru/bcode/586069 (дата обращения: 29.04.2026).
520 Аннотация __
a Аннотация Создание и внедрение новых ассортиментных и конструкторско-технологических решений меховых изделий, отвечающих требованиям моды и конъюнктуры рынка, — одна из основных задач специалистов меховой отрасли. В курсе всесторонне рассмотрены свойства пушно-мехового полуфабриката, которые занимают центральное место при оценке качества готового изделия, предопределяя технологию его изготовления. Процесс создания мехового изделия дается в контексте потребления на рынке товаров. Показана роль моды как формы выражения новых технологий. Сформулированы подходы к проектированию меховой одежды. Курс поможет сформировать у студента систему знаний, умений и навыков по созданию и внедрению новых ассортиментных и конструкторско-технологических решений меховых изделий, обеспечивающих качество, комфортность и привлекательность выпускаемой продукции для покупателя.
538 Прим. о системных особенностях __
a Прим. о системных особенностях Режим доступа: Электронно-библиотечная система Юрайт, для авториз. пользователей
653 Ключевые слова __
a Ключевые слова Легкая промышленность
653 Ключевые слова __
a Ключевые слова Технические науки
653 Ключевые слова __
a Ключевые слова Методы конструирования изделий из меха и технологической оснастки
653 Ключевые слова __
a Ключевые слова Теоретические основы конструирования изделий из меха
653 Ключевые слова __
a Ключевые слова Современные технологии в производстве кожевенно-меховых товаров
653 Ключевые слова __
a Ключевые слова Технология раскроя меховых шкурок
653 Ключевые слова __
a Ключевые слова Технология изделий из кожи и меха
653 Ключевые слова __
a Ключевые слова Технология изделий из различных материалов
653 Ключевые слова __
a Ключевые слова Товароведение кожевенно-мехового сырья
653 Ключевые слова __
a Ключевые слова Методы проектирования меховых изделий
653 Ключевые слова __
a Ключевые слова Методы раскроя меха
653 Ключевые слова __
a Ключевые слова Основы функционирования технологических процессов мехового производства
653 Ключевые слова __
a Ключевые слова Оценка качества продукции кожевенного и мехового производства
653 Ключевые слова __
a Ключевые слова Проектирование меховой одежды в САПР
653 Ключевые слова __
a Ключевые слова Проектирование меховых изделий
653 Ключевые слова __
a Ключевые слова Технологии и оценка качества продукции мехового производства
653 Ключевые слова __
a Ключевые слова Первичная обработка кожевенно-мехового сырья
653 Ключевые слова __
a Ключевые слова Применение ферментов в кожевенно-меховой промышленности
653 Ключевые слова __
a Ключевые слова Технология изготовления одежды из кожи и меха
653 Ключевые слова __
a Ключевые слова Технология производства кожи и меха
653 Ключевые слова __
a Ключевые слова Оценка качества кожевенного и мехового сырья
856 Электронный адрес документа 40
n Местонахождение сервера Юрайт
g Электронная книга
q Тип электронного формата html
h Имя пользователя ЮРАЙТ
v Часы доступа к ресурсу 20271231
2 Способ доступа Показать документ
x Служебное примечание https://urait.ru/book/cover/04C35E7D-2CF5-444C-B741-D218FAEF5B68
u URL https://urait.ru/bcode/586069
856 Электронный адрес документа 48
q Тип электронного формата cover
u URL https://urait.ru/book/cover/04C35E7D-2CF5-444C-B741-D218FAEF5B68
911 __
u 0030=https://urait.ru/bcode/586069
911 __
u 073a=9785534065947
u 073d=1459.00
911 __
u 106a=s
911 __
u 900l=
952 Тип литературы __
i Дисциплина Методы конструирования изделий из меха и технологической оснастки
952 Тип литературы __
i Дисциплина Теоретические основы конструирования изделий из меха
952 Тип литературы __
i Дисциплина Современные технологии в производстве кожевенно-меховых товаров
952 Тип литературы __
i Дисциплина Технология раскроя меховых шкурок
952 Тип литературы __
i Дисциплина Технология изделий из кожи и меха
952 Тип литературы __
i Дисциплина Технология изделий из различных материалов
952 Тип литературы __
i Дисциплина Товароведение кожевенно-мехового сырья
952 Тип литературы __
i Дисциплина Методы проектирования меховых изделий
952 Тип литературы __
i Дисциплина Методы раскроя меха
952 Тип литературы __
i Дисциплина Основы функционирования технологических процессов мехового производства
952 Тип литературы __
i Дисциплина Оценка качества продукции кожевенного и мехового производства
952 Тип литературы __
i Дисциплина Проектирование меховой одежды в САПР
952 Тип литературы __
i Дисциплина Проектирование меховых изделий
952 Тип литературы __
i Дисциплина Технологии и оценка качества продукции мехового производства
952 Тип литературы __
i Дисциплина Первичная обработка кожевенно-мехового сырья
952 Тип литературы __
i Дисциплина Применение ферментов в кожевенно-меховой промышленности
952 Тип литературы __
i Дисциплина Технология изготовления одежды из кожи и меха
952 Тип литературы __
i Дисциплина Технология производства кожи и меха
952 Тип литературы __
i Дисциплина Оценка качества кожевенного и мехового сырья